MARC details
| 000 -LEADER |
| fixed length control field |
01508nam a22003257a 4500 |
| 003 - CONTROL NUMBER IDENTIFIER |
| control field |
OSt |
| 005 - DATE AND TIME OF LATEST TRANSACTION |
| control field |
20250508063801.0 |
| 008 - FIXED-LENGTH DATA ELEMENTS--GENERAL INFORMATION |
| fixed length control field |
250505t2024 |||o||||o| || 00| ||eng dd |
| 020 ## - INTERNATIONAL STANDARD BOOK NUMBER |
| International Standard Book Number |
978-92-3-100709-5 |
| 040 ## - CATALOGING SOURCE |
| Transcribing agency |
JMCFI - Learning Resource Center |
| 082 ## - DEWEY DECIMAL CLASSIFICATION NUMBER |
| Classification number |
eBook/Ed. 004.8’371 M618 2024 |
| 100 ## - MAIN ENTRY--PERSONAL NAME |
| Personal name |
Miao, Fengchun |
| 9 (RLIN) |
32248 |
| 245 ## - TITLE STATEMENT |
| Title |
AI competency framework for students |
| Medium |
[electronic resource] / |
| Statement of responsibility, etc. |
Fengchun Miao, Kelly Shiohira and Natalie Lao. |
| 260 ## - PUBLICATION, DISTRIBUTION, ETC. |
| Place of publication, distribution, etc. |
Montreal : |
| Name of publisher, distributor, etc. |
United Nations Educational, Scientific and Cultural Organization (UNESCO), |
| Date of publication, distribution, etc. |
2024. |
| 300 ## - PHYSICAL DESCRIPTION |
| Extent |
1 online resource (80 pages.). |
| 500 ## - GENERAL NOTE |
| General note |
Foreword by Stefania Giannini, UNESCO Assistant Director-General for Education. |
| 504 ## - BIBLIOGRAPHY, ETC. NOTE |
| Bibliography, etc. note |
Includes bibliographical references. |
| 650 ## - SUBJECT ADDED ENTRY--TOPICAL TERM |
| Topical term or geographic name entry element |
Artificial Intelligence (AI) |
| Form subdivision |
Handbooks, manuals, etc. |
| 9 (RLIN) |
32249 |
| 650 ## - SUBJECT ADDED ENTRY--TOPICAL TERM |
| Topical term or geographic name entry element |
Digital skills |
| Form subdivision |
Handbooks, manuals, etc. |
| 9 (RLIN) |
32250 |
| 650 ## - SUBJECT ADDED ENTRY--TOPICAL TERM |
| Topical term or geographic name entry element |
Curriculum development |
| Form subdivision |
Handbooks, manuals, etc. |
| 9 (RLIN) |
32251 |
| 650 ## - SUBJECT ADDED ENTRY--TOPICAL TERM |
| Topical term or geographic name entry element |
Students. |
| 9 (RLIN) |
1658 |
| 650 ## - SUBJECT ADDED ENTRY--TOPICAL TERM |
| Topical term or geographic name entry element |
Education ebook. |
| 9 (RLIN) |
31666 |
| 650 ## - SUBJECT ADDED ENTRY--TOPICAL TERM |
| Topical term or geographic name entry element |
United Nations Educational, Scientific and Cultural Organization (UNESCO). |
| 9 (RLIN) |
29777 |
| 650 ## - SUBJECT ADDED ENTRY--TOPICAL TERM |
| Topical term or geographic name entry element |
eBook (Open access). |
| 9 (RLIN) |
30865 |
| 700 ## - ADDED ENTRY--PERSONAL NAME |
| Personal name |
Shiohira, Kelly |
| 9 (RLIN) |
32252 |
| 700 ## - ADDED ENTRY--PERSONAL NAME |
| Personal name |
Lao, Natalie |
| 9 (RLIN) |
32253 |
| 710 ## - ADDED ENTRY--CORPORATE NAME |
| Corporate name or jurisdiction name as entry element |
United Nations Educational, Scientific and Cultural Organization (UNESCO) |
| 9 (RLIN) |
31653 |
| 856 ## - ELECTRONIC LOCATION AND ACCESS |
| Uniform Resource Identifier |
<a href="https://unesdoc.unesco.org/ark:/48223/pf0000391105?posInSet=58&queryId=N-7fc9156f-3f48-48f4-80b4-4129a653f2c1">https://unesdoc.unesco.org/ark:/48223/pf0000391105?posInSet=58&queryId=N-7fc9156f-3f48-48f4-80b4-4129a653f2c1</a> |
| 942 ## - ADDED ENTRY ELEMENTS (KOHA) |
| Source of classification or shelving scheme |
Dewey Decimal Classification |
| Koha item type |
eBook (Open Access) |
| Suppress in OPAC |
No |